00690nam a22002053a 450000100060000000300080000600500170001400800410003103500190007204000270009104100080011808200220012610000360014824501420018426000410032630000330036750400390040065100280043970000170046727691BD-RjUL20211209051205.0140327s1966 enkab 001 0 eng d a(BD-RjUL)27770 aEQOcEQObengdBD-RjUL aeng a942bCHB V-9 19661 aChurchill, Winston,d1874-1965.14aThe Blenheim edition of A history of the English-speaking peoples /cwith an intr. and bibliogr. by R.W. Ellisn9.pNapoleon (1782-1815). aLondon :bCassel & co. Ltd.,cc1966. axi, 136 p. :bill. ;c20 cm. aIncludes bibliographies and index. 0aGreat BritainxHistory.1 aEllis, R. W.